000 00555nam a22002177a 4500
003 OSt
005 20140310182914.0
008 130129t xxu||||| |||| 00| 0 eng d
020 _a9712347191
050 _aPN 6014
_b.L563 2007
082 _aFIL 808
_bL71 2007
245 _aLiteratures of the world /
_cSialongo, Elinda B.
260 _aManila
_bRex Book Store
_cc2007
300 _a488 p.
_c22 cm.
521 _acollege students
526 _c1210L-1700L
541 _j1
541 _j2
562 _e2
942 _2lcc
_cBK
_kFIL
999 _c17270
_d17270